[Event "20. Obert Int. Sant Marti 2018"]
[Site "Barcelona ESP"]
[Date "2018.07.15"]
[Round "3.21"]
[White "Jaeel, Atharva"]
[Black "Grafl, Florian"]
[Result "0-1"]
[WhiteElo "2083"]
[BlackElo "2364"]
[PlyCount "54"]
[EventDate "2018.07.13"]
[EventType "swiss"]
[EventRounds "9"]
[EventCountry "ESP"]
[SourceTitle "Ajedrez en Madrid"]
[Source "lmi"]
[SourceDate "2018.07.13"]
[SourceVersion "1"]
[SourceVersionDate "2019.06.21"]
[SourceQuality "1"]

1. d4 c5 2. d5 d6 3. c4 g6 4. g3 Bg7 5. Bg2 e6 6. Nf3 Ne7 7. O-O O-O 8. e4 exd5
9. cxd5 b5 10. a4 b4 11. Qc2 f5 12. Ng5 Na6 13. Be3 Nc7 14. Rd1 fxe4 15. Bxe4
Bg4 16. Rd3 Rc8 17. Bf4 c4 18. Rd2 h6 19. Ne6 Nxe6 20. dxe6 d5 21. Bxg6 Bxe6
22. Re2 Bg4 23. Re1 b3 24. Qd2 Nxg6 25. Bxh6 Bxh6 26. Qxh6 Qf6 27. Qd2 d4 0-1

[Event "20. Obert Int. Sant Marti 2018"]
[Site "Barcelona ESP"]
[Date "2018.07.15"]
[Round "3.22"]
[White "Gonzalez Rodriguez, Jorge A."]
[Black "Minko, Dmitry"]
[Result "1-0"]
[WhiteElo "2271"]
[BlackElo "2085"]
[PlyCount "77"]
[EventDate "2018.07.13"]
[EventType "swiss"]
[EventRounds "9"]
[EventCountry "ESP"]
[SourceTitle "Ajedrez en Madrid"]
[Source "lmi"]
[SourceDate "2018.07.13"]
[SourceVersion "1"]
[SourceVersionDate "2019.06.21"]
[SourceQuality "1"]

1. c4 c5 2. Nc3 Nf6 3. g3 d5 4. cxd5 Nxd5 5. Bg2 Nc7 6. d3 e5 7. b3 Be7 8. Bb2
Ne6 9. e3 O-O 10. Nge2 f5 11. Nd5 Bd6 12. O-O f4 13. exf4 exf4 14. Nexf4 Nxf4
15. Nxf4 Bxf4 16. gxf4 Rxf4 17. Be5 Rg4 18. Bg3 Nc6 19. Rc1 Rd4 20. Be4 g6 21.
Rxc5 Nb4 22. Rc4 Be6 23. Rxd4 Qxd4 24. a3 Nd5 25. Qa1 Qxa1 26. Rxa1 Nc3 27.
Bxb7 Rd8 28. b4 Rxd3 29. Be5 Na2 30. Bb2 Rd2 31. Re1 Kf7 32. Be5 Rd3 33. Re3
Rxe3 34. fxe3 Bc4 35. Bb2 Ke6 36. e4 Kd6 37. Kf2 Kc7 38. Ba8 Kb6 39. Ke3 1-0

[Event "20. Obert Int. Sant Marti 2018"]
[Site "Barcelona ESP"]
[Date "2018.07.15"]
[Round "3.23"]
[White "Kumar, Gaurav"]
[Black "Saurabh, Anand"]
[Result "1/2-1/2"]
[WhiteElo "2074"]
[BlackElo "2258"]
[PlyCount "36"]
[EventDate "2018.07.13"]
[EventType "swiss"]
[EventRounds "9"]
[EventCountry "ESP"]
[SourceTitle "Ajedrez en Madrid"]
[Source "lmi"]
[SourceDate "2018.07.13"]
[SourceVersion "1"]
[SourceVersionDate "2019.06.21"]
[SourceQuality "1"]

1. e4 e5 2. Nf3 Nc6 3. Bb5 a6 4. Ba4 Nf6 5. O-O Be7 6. Re1 b5 7. Bb3 d6 8. c3
O-O 9. h3 Nb8 10. d4 Nbd7 11. Nbd2 Bb7 12. Bc2 Re8 13. Nf1 Bf8 14. Ng3 g6 15.
a4 c5 16. d5 c4 17. Bg5 Nc5 18. Qd2 Be7 1/2-1/2

[Event "20. Obert Int. Sant Marti 2018"]
[Site "Barcelona ESP"]
[Date "2018.07.15"]
[Round "3.24"]
[White "Gorti, Akshita"]
[Black "Guix Torres, David"]
[Result "1-0"]
[WhiteElo "2255"]
[BlackElo "2059"]
[PlyCount "79"]
[EventDate "2018.07.13"]
[EventType "swiss"]
[EventRounds "9"]
[EventCountry "ESP"]
[SourceTitle "Ajedrez en Madrid"]
[Source "lmi"]
[SourceDate "2018.07.13"]
[SourceVersion "1"]
[SourceVersionDate "2019.06.21"]
[SourceQuality "1"]

1. Nf3 Nf6 2. e3 c5 3. d4 e6 4. Bd3 Be7 5. O-O O-O 6. c4 b6 7. Nc3 Bb7 8. d5
exd5 9. cxd5 d6 10. e4 Nbd7 11. h3 a6 12. a4 Ne8 13. Bf4 Bf6 14. Re1 Ne5 15.
Nxe5 dxe5 16. Bh2 Nd6 17. f4 Re8 18. Qh5 g6 19. Qf3 c4 20. Bc2 b5 21. f5 b4 22.
Nd1 gxf5 23. exf5 b3 24. Bb1 Kh8 25. Nc3 e4 26. Bxe4 Nxe4 27. Rxe4 Rxe4 28.
Qxe4 Bxc3 29. bxc3 Qxd5 30. Be5+ Kg8 31. Qg4+ Kf8 32. Re1 f6 33. Bxf6 Qf7 34.
Be7+ Qxe7 35. Rxe7 Kxe7 36. Qg7+ Kd6 37. Qxb7 Re8 38. Qxa6+ Kd7 39. Qb5+ Ke7
40. a5 1-0

[Event "20. Obert Int. Sant Marti 2018"]
[Site "Barcelona ESP"]
[Date "2018.07.15"]
[Round "3.25"]
[White "Moreno Garcia, Elizabeth Paola"]
[Black "Blasco Coll, Andreu"]
[Result "0-1"]
[WhiteElo "2029"]
[BlackElo "2242"]
[PlyCount "116"]
[EventDate "2018.07.13"]
[EventType "swiss"]
[EventRounds "9"]
[EventCountry "ESP"]
[SourceTitle "Ajedrez en Madrid"]
[Source "lmi"]
[SourceDate "2018.07.13"]
[SourceVersion "1"]
[SourceVersionDate "2019.06.21"]
[SourceQuality "1"]

1. e4 c5 2. c3 Nf6 3. e5 Nd5 4. Nf3 e6 5. Bc4 d6 6. exd6 Qxd6 7. O-O Be7 8. d4
cxd4 9. Qxd4 O-O 10. Rd1 Nc6 11. Qd3 Nb6 12. Qe2 Qc7 13. Bb3 e5 14. Qe4 Nd7 15.
Ng5 Bxg5 16. Bxg5 Nc5 17. Qh4 Nxb3 18. axb3 Be6 19. Rd3 f6 20. Bd2 Rad8 21. Rg3
Bf5 22. Qc4+ Qf7 23. Qe2 Qxb3 24. Na3 Qxb2 25. Qc4+ Kh8 26. Ra2 Qb6 27. h4 Na5
28. Qb5 Qxb5 29. Nxb5 Nc4 30. Be3 a6 31. Na3 Nxe3 32. Rxe3 Rd3 33. Rxd3 Bxd3
34. Rd2 e4 35. Nc2 Bxc2 36. Rxc2 Rd8 37. Kf1 Kg8 38. c4 Kf7 39. Rb2 Rd7 40. Rb6
Ke7 41. c5 Rc7 42. Ke2 Kd7 43. Ke3 Kc8 44. Kd4 Rc6 45. Rxc6+ bxc6 46. Kxe4 Kd7
47. Kf5 a5 48. Ke4 Ke6 49. h5 a4 50. Kd4 a3 51. Kc3 Kd5 52. Kb3 Kxc5 53. Kxa3
Kd4 54. Kb3 Kd3 55. Kb4 Ke2 56. Kc5 Kxf2 57. Kxc6 Kxg2 58. Kd5 Kg3 0-1

[Event "20. Obert Int. Sant Marti 2018"]
[Site "Barcelona ESP"]
[Date "2018.07.15"]
[Round "3.26"]
[White "Glimbrant, Torbjorn"]
[Black "Busquets, Luis"]
[Result "1/2-1/2"]
[WhiteElo "2213"]
[BlackElo "2055"]
[PlyCount "247"]
[EventDate "2018.07.13"]
[EventType "swiss"]
[EventRounds "9"]
[EventCountry "ESP"]
[SourceTitle "Ajedrez en Madrid"]
[Source "lmi"]
[SourceDate "2018.07.13"]
[SourceVersion "1"]
[SourceVersionDate "2019.06.21"]
[SourceQuality "1"]

1. c4 g6 2. Nc3 Bg7 3. g3 Nc6 4. Bg2 e5 5. d3 d6 6. Rb1 a5 7. a3 f5 8. e3 Nf6
9. b4 axb4 10. axb4 O-O 11. b5 Ne7 12. Nge2 g5 13. O-O Rf7 14. Bd2 d5 15. cxd5
Nexd5 16. Nxd5 Nxd5 17. Nc3 Be6 18. Qc2 Rd7 19. Rfd1 Rc8 20. Nxd5 Bxd5 21. e4
fxe4 22. dxe4 Be6 23. Be3 c5 24. bxc6 Rxc6 25. Qe2 g4 26. Rxd7 Qxd7 27. Rd1 Qe7
28. Qd2 Bf6 29. Bf1 Qc7 30. Bb5 Rc2 31. Qd3 Rc3 32. Qd6 Qxd6 33. Rxd6 Kf7 34.
Bd7 Bxd7 35. Rxd7+ Kg6 36. Rxb7 Rc4 37. Rb6 Rxe4 38. Bc5 Re1+ 39. Kg2 Kf5 40.
Rb7 Kg6 41. Rb6 Kf7 42. Rb4 h5 43. h3 gxh3+ 44. Kxh3 Rh1+ 45. Kg2 Rc1 46. Be3
Rc6 47. Kf3 Ke6 48. Ke4 Be7 49. Ra4 Bf6 50. Bd2 Rd6 51. Bc3 Rc6 52. Ba1 Rb6 53.
Rc4 Ra6 54. Bc3 Bg7 55. f4 exf4 56. Bxg7 fxg3 57. Kf3 Ra3+ 58. Kg2 Kf5 59. Bf8
Re3 60. Kh3 Kg5 61. Rc5+ Kg6 62. Bd6 Rd3 63. Bxg3 h4 64. Kxh4 Rd4+ 65. Kh3 Ra4
66. Kg2 Ra3 67. Bf4 Rb3 68. Kf2 Ra3 69. Be3 Ra4 70. Kf3 Rb4 71. Rd5 Kf6 72. Ra5
Ke6 73. Ke2 Rc4 74. Kd3 Rh4 75. Bd4 Rg4 76. Re5+ Kd6 77. Kc4 Rh4 78. Ra5 Kc6
79. Ra6+ Kb7 80. Re6 Kc7 81. Kd5 Rh5+ 82. Be5+ Kd7 83. Rb6 Rh1 84. Rb7+ Kc8 85.
Ra7 Rd1+ 86. Ke6 Rc1 87. Ra2 Kb7 88. Kd5 Rd1+ 89. Bd4 Kc7 90. Ra7+ Kb8 91. Rf7
Rd2 92. Kc5 Kc8 93. Be3 Rd7 94. Rf8+ Rd8 95. Rf6 Kd7 96. Bg5 Rg8 97. Rd6+ Ke8
98. Re6+ Kf7 99. Re5 Re8 100. Rd5 Ke6 101. Bf4 Rc8+ 102. Kd4 Ra8 103. Re5+ Kf6
104. Bg5+ Kg6 105. Be7 Ra4+ 106. Kd5 Ra5+ 107. Bc5 Kf6 108. Re2 Kf5 109. Rf2+
Kg4 110. Kd4 Kg3 111. Rf7 Kg4 112. Bd6 Rf5 113. Ra7 Kf3 114. Ra3+ Kg4 115. Ke4
Rf2 116. Rg3+ Kh5 117. Bf4 Ra2 118. Kf5 Ra5+ 119. Be5 Kh4 120. Rg2 Ra3 121.
Rh2+ Rh3 122. Bf6+ Kg3 123. Be5+ Kh4 124. Rg2 1/2-1/2

[Event "20. Obert Int. Sant Marti 2018"]
[Site "Barcelona ESP"]
[Date "2018.07.15"]
[Round "3.27"]
[White "Marchador Villalba, Jordi"]
[Black "Marzo Pie, Xavier"]
[Result "0-1"]
[WhiteElo "2009"]
[BlackElo "2206"]
[PlyCount "56"]
[EventDate "2018.07.13"]
[EventType "swiss"]
[EventRounds "9"]
[EventCountry "ESP"]
[SourceTitle "Ajedrez en Madrid"]
[Source "lmi"]
[SourceDate "2018.07.13"]
[SourceVersion "1"]
[SourceVersionDate "2019.06.21"]
[SourceQuality "1"]

1. d4 d6 2. Nf3 Bg4 3. Bf4 Bxf3 4. exf3 e6 5. c3 Ne7 6. Nd2 g6 7. Bg5 Bg7 8.
Ne4 f5 9. Ng3 Qd7 10. Bc4 Nbc6 11. Qe2 e5 12. d5 Nd8 13. O-O-O h6 14. Bxe7 Qxe7
15. h4 h5 16. Qd3 a6 17. Ne2 b5 18. Bb3 Nb7 19. g4 Nc5 20. Qc2 a5 21. a4 Qd7
22. Rhe1 bxa4 23. Bc4 hxg4 24. fxg4 Rxh4 25. Nd4 Nb3+ 26. Nxb3 axb3 27. Qd3 Rb8
28. f3 Bh6+ 0-1

[Event "20. Obert Int. Sant Marti 2018"]
[Site "Barcelona ESP"]
[Date "2018.07.15"]
[Round "3.28"]
[White "Garcia Ruiz, Adrian"]
[Black "Harikrishnan.A.Ra"]
[Result "0-1"]
[WhiteElo "1995"]
[BlackElo "2204"]
[PlyCount "74"]
[EventDate "2018.07.13"]
[EventType "swiss"]
[EventRounds "9"]
[EventCountry "ESP"]
[SourceTitle "Ajedrez en Madrid"]
[Source "lmi"]
[SourceDate "2018.07.13"]
[SourceVersion "1"]
[SourceVersionDate "2019.06.21"]
[SourceQuality "1"]

1. d4 Nf6 2. c4 e6 3. Nc3 Bb4 4. Qc2 O-O 5. Nf3 b6 6. e4 Bb7 7. Bd3 h6 8. O-O
Bxc3 9. bxc3 d6 10. Be3 Nbd7 11. a4 a5 12. h3 e5 13. Rfb1 Qe7 14. Nd2 Rfe8 15.
f3 Bc8 16. g4 Nf8 17. Kf2 N6h7 18. Rh1 Qh4+ 19. Ke2 Ne6 20. Rag1 Nhf8 21. Bf2
Qf6 22. h4 Qe7 23. Nf1 exd4 24. cxd4 c5 25. d5 Nf4+ 26. Kd2 N8g6 27. Ne3 Nxd3
28. Kxd3 Qf6 29. Ke2 Nf4+ 30. Kf1 Bd7 31. Bg3 Nxd5 32. Nxd5 Qxf3+ 33. Qf2 Qxe4
34. Nc7 Bc6 35. Nxe8 Rxe8 36. Qe1 Qd3+ 37. Kf2 Qf3# 0-1

[Event "20. Obert Int. Sant Marti 2018"]
[Site "Barcelona ESP"]
[Date "2018.07.15"]
[Round "3.29"]
[White "Romero Pallares, Daniel"]
[Black "Chang, Suzana"]
[Result "1/2-1/2"]
[WhiteElo "2202"]
[BlackElo "2005"]
[PlyCount "68"]
[EventDate "2018.07.13"]
[EventType "swiss"]
[EventRounds "9"]
[EventCountry "ESP"]
[SourceTitle "Ajedrez en Madrid"]
[Source "lmi"]
[SourceDate "2018.07.13"]
[SourceVersion "1"]
[SourceVersionDate "2019.06.21"]
[SourceQuality "1"]

1. d4 Nf6 2. c4 e6 3. g3 Bb4+ 4. Bd2 c5 5. Bxb4 cxb4 6. Bg2 Qc7 7. Nd2 O-O 8.
Ngf3 d6 9. e4 e5 10. h3 Nc6 11. d5 Ne7 12. a3 bxa3 13. Rxa3 a5 14. O-O b6 15.
Qc2 Nd7 16. Ne1 g6 17. g4 g5 18. Ndf3 h6 19. h4 f6 20. Qc1 Rf7 21. h5 b5 22.
Nd2 b4 23. Ra2 Nc5 24. Bf3 a4 25. Be2 Qb6 26. Ng2 Bd7 27. Ne3 Rff8 28. Kg2 Rfc8
29. Qb1 Rcb8 30. Kg3 Ra7 31. Ng2 Rba8 32. Ne3 Kg7 33. Ng2 a3 34. b3 Rb7 1/2-1/2

[Event "20. Obert Int. Sant Marti 2018"]
[Site "Barcelona ESP"]
[Date "2018.07.15"]
[Round "3.30"]
[White "Niklesh, Kumar Jain"]
[Black "Vatsal, Singhania"]
[Result "0-1"]
[WhiteElo "1955"]
[BlackElo "2194"]
[PlyCount "32"]
[EventDate "2018.07.13"]
[EventType "swiss"]
[EventRounds "9"]
[EventCountry "ESP"]
[SourceTitle "Ajedrez en Madrid"]
[Source "lmi"]
[SourceDate "2018.07.13"]
[SourceVersion "1"]
[SourceVersionDate "2019.06.21"]
[SourceQuality "1"]

1. d4 d5 2. Bf4 Nf6 3. e3 c5 4. Nc3 a6 5. dxc5 Nc6 6. Nf3 e6 7. Na4 Nd7 8. c3
Nxc5 9. Nxc5 Bxc5 10. Bd3 h6 11. O-O O-O 12. Ne5 Bd6 13. Nxc6 bxc6 14. Bxd6
Qxd6 15. e4 e5 16. Qd2 dxe4 0-1

[Event "20. Obert Int. Sant Marti 2018"]
[Site "Barcelona ESP"]
[Date "2018.07.15"]
[Round "3.31"]
[White "Deshpande, Aniruddha"]
[Black "Rodriguez Vega, Blas"]
[Result "1-0"]
[WhiteElo "2132"]
[BlackElo "1992"]
[PlyCount "92"]
[EventDate "2018.07.13"]
[EventType "swiss"]
[EventRounds "9"]
[EventCountry "ESP"]
[SourceTitle "Ajedrez en Madrid"]
[Source "lmi"]
[SourceDate "2018.07.13"]
[SourceVersion "1"]
[SourceVersionDate "2019.06.21"]
[SourceQuality "1"]

1. d4 Nf6 2. c4 e6 3. g3 Bb4+ 4. Bd2 Qe7 5. Nc3 c5 6. d5 d6 7. Bg2 Bxc3 8. Bxc3
e5 9. e4 O-O 10. Ne2 Na6 11. O-O Rb8 12. a4 b6 13. Nc1 Nb4 14. Nd3 Nxd3 15.
Qxd3 a6 16. b4 cxb4 17. Bxb4 Nd7 18. Rfb1 a5 19. Ba3 Ba6 20. Bh3 Nc5 21. Qc2
Qc7 22. Rb2 Bc8 23. Bxc8 Rfxc8 24. Rab1 f6 25. Rb5 Nd7 26. Qe2 Re8 27. h4 Rbc8
28. Rc1 Rcd8 29. Rc3 Nf8 30. Bc1 Nd7 31. Be3 Rc8 32. Qg4 Qb7 33. Qe2 Qc7 34.
Qg4 Qa7 35. Kg2 Kf8 36. Qh5 Kg8 37. Rcb3 g6 38. Qe2 Rb8 39. h5 Qc7 40. Rb1 Kg7
41. Rh1 Nc5 42. Bxc5 bxc5 43. hxg6 hxg6 44. Qd2 Rh8 45. Rxb8 Qxb8 46. Rxh8 Kxh8
1-0

[Event "20. Obert Int. Sant Marti 2018"]
[Site "Barcelona ESP"]
[Date "2018.07.15"]
[Round "3.32"]
[White "Davtyan, David Arm."]
[Black "Sanchez Lopez, Juan Manuel"]
[Result "1-0"]
[WhiteElo "1926"]
[BlackElo "2127"]
[PlyCount "135"]
[EventDate "2018.07.13"]
[EventType "swiss"]
[EventRounds "9"]
[EventCountry "ESP"]
[SourceTitle "Ajedrez en Madrid"]
[Source "lmi"]
[SourceDate "2018.07.13"]
[SourceVersion "1"]
[SourceVersionDate "2019.06.21"]
[SourceQuality "1"]

1. Nf3 d5 2. d4 c6 3. c4 e6 4. Nc3 f5 5. Bf4 Nf6 6. e3 Bd6 7. Ne5 O-O 8. Be2
Qe7 9. c5 Bc7 10. b4 Ne4 11. Nxe4 fxe4 12. O-O Bxe5 13. Bxe5 Rf7 14. f3 Nd7 15.
fxe4 Nxe5 16. dxe5 Bd7 17. Rxf7 Qxf7 18. Qd4 Rf8 19. Rf1 Qe7 20. Rxf8+ Kxf8 21.
g3 Be8 22. Bf3 Bf7 23. a4 Bg6 24. Kg2 dxe4 25. Be2 a6 26. h4 h6 27. Qd6 Kf7 28.
Kh3 Bf5+ 29. g4 Bh7 30. Kg3 g5 31. h5 Bg8 32. Bc4 Ke8 33. Kg2 Qd7 34. Kg1 Qe7
35. Kg2 Qd7 36. Kg3 Qe7 37. Qb8+ Kf7 38. Kf2 Kg7 39. Ke1 Qd7 40. Qd6 Qf7 41.
Be2 Kh8 42. Qd8 Kg7 43. Qd4 Bh7 44. Kd2 Kf8 45. Qd8+ Kg7 46. Kc3 Bg8 47. Qd6
Qf2 48. Kd2 Qf7 49. Qd4 Bh7 50. a5 Kf8 51. Qd8+ Kg7 52. Kc3 Bg8 53. Kd2 Bh7 54.
Qf6+ Qxf6 55. exf6+ Kxf6 56. b5 cxb5 57. Bxb5 Ke7 58. c6 bxc6 59. Bxc6 Kd6 60.
Bb7 Kc5 61. Bxa6 Kb4 62. Bc8 Kxa5 63. Kc3 Kb6 64. Kd4 Kc7 65. Bxe6 Kd6 66. Bd5
Kd7 67. Ke5 Ke7 68. Bc4 1-0

[Event "20. Obert Int. Sant Marti 2018"]
[Site "Barcelona ESP"]
[Date "2018.07.15"]
[Round "3.33"]
[White "Persson, Andreas"]
[Black "Jijo, Joy"]
[Result "1-0"]
[WhiteElo "2126"]
[BlackElo "1969"]
[PlyCount "59"]
[EventDate "2018.07.13"]
[EventType "swiss"]
[EventRounds "9"]
[EventCountry "ESP"]
[SourceTitle "Ajedrez en Madrid"]
[Source "lmi"]
[SourceDate "2018.07.13"]
[SourceVersion "1"]
[SourceVersionDate "2019.06.21"]
[SourceQuality "1"]

1. d4 Nf6 2. c4 g6 3. Nf3 Bg7 4. g3 O-O 5. Bg2 d5 6. cxd5 Nxd5 7. O-O Nb6 8.
Nc3 Nc6 9. d5 Bxc3 10. dxc6 Bg7 11. Qc2 bxc6 12. Rd1 Bf5 13. Qb3 Qe8 14. Nd4
Bd7 15. Qc2 Nd5 16. e4 Nb4 17. Qc5 e5 18. Nf3 Na6 19. Qa5 Nb8 20. Be3 f5 21.
Qxc7 fxe4 22. Ng5 Bg4 23. Rd2 Qc8 24. Qa5 Bf3 25. Qc5 Bxg2 26. Kxg2 Qf5 27.
Qc4+ Kh8 28. Qxe4 Qxe4+ 29. Nxe4 Na6 30. Rad1 1-0

[Event "20. Obert Int. Sant Marti 2018"]
[Site "Barcelona ESP"]
[Date "2018.07.15"]
[Round "3.34"]
[White "Pena Mor, David"]
[Black "Low, Kevin"]
[Result "0-1"]
[WhiteElo "1858"]
[BlackElo "2122"]
[PlyCount "64"]
[EventDate "2018.07.13"]
[EventType "swiss"]
[EventRounds "9"]
[EventCountry "ESP"]
[SourceTitle "Ajedrez en Madrid"]
[Source "lmi"]
[SourceDate "2018.07.13"]
[SourceVersion "1"]
[SourceVersionDate "2019.06.21"]
[SourceQuality "1"]

1. d4 Nf6 2. c4 e6 3. Nf3 b6 4. g3 Bb7 5. Bg2 Be7 6. Nc3 Ne4 7. Nxe4 Bxe4 8.
O-O O-O 9. b3 d6 10. Bb2 Nd7 11. Qd2 c5 12. Rad1 Qc7 13. Qe3 Bb7 14. d5 e5 15.
Nxe5 dxe5 16. d6 Bxd6 17. Bxb7 Rad8 18. Bd5 Nf6 19. Rd2 Qe7 20. Rfd1 Kh8 21. f3
Nh5 22. Qf2 f5 23. e3 Bc7 24. e4 Rd6 25. exf5 Rxf5 26. Be4 Rf8 27. Rd5 Nf6 28.
Rxd6 Nxe4 29. Rd7 Nxf2 30. Rxe7 Nxd1 31. Rxc7 Nxb2 32. Rxa7 h6 0-1

[Event "20. Obert Int. Sant Marti 2018"]
[Site "Barcelona ESP"]
[Date "2018.07.15"]
[Round "3.35"]
[White "Garcia Gil, Javier"]
[Black "Varela Cuadrado, Cesar"]
[Result "1-0"]
[WhiteElo "2110"]
[BlackElo "1856"]
[PlyCount "105"]
[EventDate "2018.07.13"]
[EventType "swiss"]
[EventRounds "9"]
[EventCountry "ESP"]
[SourceTitle "Ajedrez en Madrid"]
[Source "lmi"]
[SourceDate "2018.07.13"]
[SourceVersion "1"]
[SourceVersionDate "2019.06.21"]
[SourceQuality "1"]

1. d4 Nf6 2. c4 c5 3. d5 e6 4. Nc3 exd5 5. cxd5 d6 6. e4 g6 7. h3 Bg7 8. Bg5
O-O 9. Bd3 a6 10. a4 Re8 11. Nge2 Nbd7 12. O-O Qc7 13. Kh1 Rb8 14. f3 Ne5 15.
Bc2 Nc4 16. b3 Na5 17. Rb1 Nh5 18. Qd2 b5 19. axb5 axb5 20. g4 b4 21. Nd1 Qd7
22. Bd3 Nf6 23. Qf4 Qe7 24. Nc1 h6 25. Bxh6 Nh7 26. Bxg7 Kxg7 27. Ra1 Ra8 28.
Rf2 Rh8 29. Rh2 g5 30. Qg3 Nf8 31. Rha2 Qd8 32. e5 dxe5 33. Qxe5+ f6 34. Qe4
Bb7 35. Ne3 Rxh3+ 36. Rh2 Rxh2+ 37. Kxh2 Qd6+ 38. Kg2 Qe5 39. Qxe5 fxe5 40. Rb1
Ng6 41. Bxg6 Kxg6 42. Nd3 Rd8 43. Nxc5 Kf6 44. Ra1 Nxb3 45. Nxb3 Bxd5 46. Rd1
Bxf3+ 47. Kxf3 Rxd1 48. Nxd1 Ke6 49. Ke4 Kd6 50. Ne3 Ke6 51. Nc4 Kf6 52. Nc5
Kg6 53. Kxe5 1-0

[Event "20. Obert Int. Sant Marti 2018"]
[Site "Barcelona ESP"]
[Date "2018.07.15"]
[Round "3.36"]
[White "Houzi Acharki, Hanane"]
[Black "Rueda Marquez, David J."]
[Result "0-1"]
[WhiteElo "1664"]
[BlackElo "2110"]
[PlyCount "86"]
[EventDate "2018.07.13"]
[EventType "swiss"]
[EventRounds "9"]
[EventCountry "ESP"]
[SourceTitle "Ajedrez en Madrid"]
[Source "lmi"]
[SourceDate "2018.07.13"]
[SourceVersion "1"]
[SourceVersionDate "2019.06.21"]
[SourceQuality "1"]

1. d4 d6 2. Nf3 g6 3. Nc3 Bg7 4. Bf4 Nd7 5. e4 c5 6. dxc5 Nxc5 7. e5 Ne6 8. Bg3
Bd7 9. exd6 Rc8 10. Be5 Nf6 11. Be2 exd6 12. Qxd6 Rc6 13. Qd2 O-O 14. O-O a6
15. Rad1 Bc8 16. Qxd8 Nxd8 17. Rd2 Be6 18. Rfd1 Rc8 19. h3 Nc6 20. Bf4 Nh5 21.
Be3 Bxc3 22. bxc3 Bxa2 23. Nd4 Ng7 24. Nxc6 Rxc6 25. Bd4 Ne6 26. Bf3 Rc7 27.
Bg4 Bc4 28. Bxe6 Bxe6 29. Ra1 Rd7 30. Re2 h6 31. Ra5 Kh7 32. Rae5 Rc8 33. f4
Rc4 34. Ra5 Rc6 35. Ra3 Rd5 36. g4 h5 37. Rh2 Rc4 38. Kf2 Rdxd4 39. cxd4 Rxc2+
40. Kg3 h4+ 41. Kxh4 Rxh2 42. Ra5 Rd2 43. Kg5 Rxd4 0-1

[Event "20. Obert Int. Sant Marti 2018"]
[Site "Barcelona ESP"]
[Date "2018.07.15"]
[Round "3.37"]
[White "Perez Pastora, Evarist"]
[Black "Ghelani, Dhairya"]
[Result "1/2-1/2"]
[WhiteElo "2103"]
[BlackElo "1778"]
[PlyCount "41"]
[EventDate "2018.07.13"]
[EventType "swiss"]
[EventRounds "9"]
[EventCountry "ESP"]
[SourceTitle "Ajedrez en Madrid"]
[Source "lmi"]
[SourceDate "2018.07.13"]
[SourceVersion "1"]
[SourceVersionDate "2019.06.21"]
[SourceQuality "1"]

1. e4 c5 2. Nc3 Nc6 3. Nf3 e5 4. Bb5 Nge7 5. O-O d6 6. Nd5 a6 7. Nxe7 Bxe7 8.
Be2 Be6 9. c3 d5 10. d3 O-O 11. h3 d4 12. c4 f5 13. exf5 Bxf5 14. Nd2 Nb4 15.
Nf3 e4 16. Ne1 Qd6 17. a3 exd3 18. Nxd3 Nxd3 19. Bxd3 Qg6 20. Bxf5 Qxf5 21. Qg4
1/2-1/2

[Event "20. Obert Int. Sant Marti 2018"]
[Site "Barcelona ESP"]
[Date "2018.07.15"]
[Round "3.38"]
[White "Anuj, Shrivatri"]
[Black "Martinez Aguero, Francisco"]
[Result "1-0"]
[WhiteElo "2094"]
[BlackElo "1504"]
[PlyCount "51"]
[EventDate "2018.07.13"]
[EventType "swiss"]
[EventRounds "9"]
[EventCountry "ESP"]
[SourceTitle "Ajedrez en Madrid"]
[Source "lmi"]
[SourceDate "2018.07.13"]
[SourceVersion "1"]
[SourceVersionDate "2019.06.21"]
[SourceQuality "1"]

1. d4 d5 2. Nf3 Nf6 3. c4 Bf5 4. Nc3 e6 5. Bg5 Be7 6. Bxf6 Bxf6 7. cxd5 exd5 8.
Qb3 b6 9. Qxd5 Qxd5 10. Nxd5 Na6 11. e4 Bc8 12. Bxa6 Bxa6 13. Nxc7+ Kd7 14.
Nxa6 Be7 15. a3 Rhc8 16. Kd2 f6 17. Rhc1 g5 18. d5 g4 19. Nd4 Bd6 20. g3 Be5
21. Kd3 h5 22. Nb4 a5 23. Nbc6 Bd6 24. Nf5 Bf8 25. b4 a4 26. h3 1-0

[Event "20. Obert Int. Sant Marti 2018"]
[Site "Barcelona ESP"]
[Date "2018.07.15"]
[Round "3.39"]
[White "Kavisha, S Shah"]
[Black "Khudov, Oleksandr"]
[Result "1/2-1/2"]
[WhiteElo "1723"]
[BlackElo "2093"]
[PlyCount "99"]
[EventDate "2018.07.13"]
[EventType "swiss"]
[EventRounds "9"]
[EventCountry "ESP"]
[SourceTitle "Ajedrez en Madrid"]
[Source "lmi"]
[SourceDate "2018.07.13"]
[SourceVersion "1"]
[SourceVersionDate "2019.06.21"]
[SourceQuality "1"]

1. e4 e6 2. d4 d5 3. Nd2 c5 4. exd5 Qxd5 5. Ngf3 cxd4 6. Bc4 Qd6 7. O-O Nf6 8.
Nb3 Nc6 9. Nbxd4 Nxd4 10. Nxd4 a6 11. c3 Qc7 12. Be2 Be7 13. Bf3 O-O 14. Re1 e5
15. Nb3 h6 16. Qe2 Bd6 17. h3 Bf5 18. Nd2 Rad8 19. Ne4 Nxe4 20. Bxe4 Bxe4 21.
Qxe4 f5 22. Qe2 e4 23. Be3 Bh2+ 24. Kh1 Be5 25. Rad1 Qf7 26. Bc5 Rfe8 27. a3
Qb3 28. Rd2 Bf4 29. Be3 Bxe3 30. Qxe3 Rxd2 31. Qxd2 Re6 32. Qd8+ Kh7 33. Qf8
Rf6 34. Qb4 Qc2 35. Kg1 b5 36. a4 bxa4 37. Ra1 Rg6 38. Qc5 Qxb2 39. Rxa4 Qc1+
40. Kh2 Qf4+ 41. g3 Qf3 42. Qe3 Qd1 43. Ra5 Rf6 44. Qf4 Kg6 45. g4 fxg4 46.
Qxe4+ Kf7 47. Qc4+ Kf8 48. Qc8+ Kf7 49. Qc4+ Kg6 50. Qe4+ 1/2-1/2

[Event "20. Obert Int. Sant Marti 2018"]
[Site "Barcelona ESP"]
[Date "2018.07.15"]
[Round "3.40"]
[White "Riu Lopez, Sergi"]
[Black "Pinero Fernandez, Xavier"]
[Result "0-1"]
[WhiteElo "1932"]
[BlackElo "2218"]
[PlyCount "68"]
[EventDate "2018.07.13"]
[EventType "swiss"]
[EventRounds "9"]
[EventCountry "ESP"]
[SourceTitle "Ajedrez en Madrid"]
[Source "lmi"]
[SourceDate "2018.07.13"]
[SourceVersion "1"]
[SourceVersionDate "2019.06.21"]
[SourceQuality "1"]

1. e4 e6 2. d4 d5 3. e5 c5 4. c3 Nc6 5. Nf3 Bd7 6. Bd3 Qb6 7. dxc5 Bxc5 8. O-O
a5 9. a4 Nge7 10. Na3 Ng6 11. Qe2 O-O 12. Nb5 f6 13. exf6 gxf6 14. Bh6 Rf7 15.
Rad1 Nce7 16. c4 Kh8 17. cxd5 Nxd5 18. Bc4 Nge7 19. Nd2 Nf5 20. Bxd5 exd5 21.
Bf4 Re7 22. Qd3 Bxb5 23. axb5 Nd4 24. Rfe1 Qxb5 25. Qxb5 Rxe1+ 26. Rxe1 Nxb5
27. Nb3 Bd6 28. Bxd6 Nxd6 29. Nc5 Rc8 30. Na4 b5 31. Nc3 d4 32. Nd5 Rc2 33. g3
d3 34. Nxf6 d2 0-1